គណិតវិទ្យា ថ្នាក់មូលដ្ខានសម្រាប់កុមាររៀនដោយខ្លួនឯង / (Record no. 8224)

MARC details
000 -LEADER
fixed length control field 02786nam a22002897a 4500
001 - CONTROL NUMBER
control field 8224
003 - CONTROL NUMBER IDENTIFIER
control field FISKH
005 - DATE AND TIME OF LATEST TRANSACTION
control field 20250903155306.0
008 - FIXED-LENGTH DATA ELEMENTS--GENERAL INFORMATION
fixed length control field 250903b cb ||||| |||| 00| 0 eng d
020 ## - INTERNATIONAL STANDARD BOOK NUMBER
International Standard Book Number 9789996353529
040 ## - CATALOGING SOURCE
Original cataloging agency FISKH
Language of cataloging eng
Transcribing agency FISKH
Modifying agency FISKH
050 ## - LIBRARY OF CONGRESS CALL NUMBER
Classification number PZ7
082 ## - DEWEY DECIMAL CLASSIFICATION NUMBER
Classification number 510
100 ## - MAIN ENTRY--PERSONAL NAME
Personal name Ly, Chea
245 ## - TITLE STATEMENT
Title គណិតវិទ្យា ថ្នាក់មូលដ្ខានសម្រាប់កុមាររៀនដោយខ្លួនឯង /
260 ## - PUBLICATION, DISTRIBUTION, ETC.
Place of publication, distribution, etc. Phnom Penh :
Name of publisher, distributor, etc. You Can,
Date of publication, distribution, etc. 2010.
300 ## - PHYSICAL DESCRIPTION
Extent 82 pages :
Other physical details color illustrations ;
Dimensions 26 cm
505 ## - FORMATTED CONTENTS NOTE
Formatted contents note F<br/>
520 ## - SUMMARY, ETC.
Summary, etc. សៀវភៅនេះត្រូវបានរៀបរៀងឡើងសម្រាប់កុមារដើម្បីបង្រៀនគោលការណ៍គណិតវិទ្យាមូលដ្ឋាន តាមរយៈរូបភាពនិងតួអង្គតុក្កតាដែលធ្វើឲ្យកុមារមានចំណង់ចំណូលចិត្តក្នុងការសិក្សា។ ក្នុងសៀវភៅមានមេរៀនសំខាន់ៗដូចជា៖<br/>ការគណនាឡើងវិញ និងដកលេខ<br/>ការរៀនអំពីលេខគោល និងសញ្ញាគណិត<br/>ការសិក្សាអំពីរូបធរណីមាត្រ<br/>ការរៀនអានម៉ោង តាមរយៈនាឡិកា<br/>ការអនុវត្តគណនាដោយប្រើល្បិច និងលំហាត់អនុវត្ត<br/>សៀវភៅត្រូវបានរចនាឡើងឲ្យមានភាពទាក់ទាញ ដោយភ្ជាប់រូបភាពសត្វនិងតួអង្គកំប្លែង ដើម្បីជួយឲ្យកុមារសប្បាយចិត្ត និងងាយស្រួលយល់ចំពោះមេរៀនគណិតវិទ្យា។
520 ## - SUMMARY, ETC.
Summary, etc. This book is designed for children to teach basic mathematics principles through pictures and cartoon characters, making learning more enjoyable and engaging. Inside, the book includes key lessons such as:<br/><br/>Addition and subtraction<br/><br/>Learning about numbers and mathematical symbols<br/><br/>Studying geometric shapes<br/><br/>Learning to tell time using a clock<br/><br/>Practicing calculations with tricks and exercises<br/><br/>The book is attractively designed with animal illustrations and funny characters to help children feel happy and better understand mathematical lessons.
521 8# - TARGET AUDIENCE NOTE
Target audience note 300<br/>
Source Lexile estimate<br/>
521 8# - TARGET AUDIENCE NOTE
Target audience note F<br/>
Source Raz-Plus<br/>
650 ## - SUBJECT ADDED ENTRY--TOPICAL TERM
Topical term or geographic name entry element Mathematic
650 ## - SUBJECT ADDED ENTRY--TOPICAL TERM
Topical term or geographic name entry element គណិតវិទ្យា
942 ## - ADDED ENTRY ELEMENTS (KOHA)
Source of classification or shelving scheme Dewey Decimal Classification
Koha item type Books
Suppress in OPAC No
Holdings
Withdrawn status Lost status Source of classification or shelving scheme Damaged status Not for loan Collection Home library Current library Shelving location Date acquired Total Checkouts Full call number Barcode Date due Date last seen Date last checked out Copy number Price effective from Koha item type
    Dewey Decimal Classification     Khmer-English Bilingual / ភាសាខ្មែរ-អង់គ្លេស Footprints International School Library Network Toul Kork Campus Footprints International School Library Network Toul Kork Campus TK Old Khmer Books (Rear Hallway Shelf 3) 09/03/2025 1 CHE 510 2025-4366 11/27/2025 11/13/2025 11/13/2025 1 09/03/2025 Khmer Books